000 00571nam a2200169 i 4500
001 103757
003 ES-MaACL
005 20230906183435.0
007 t|
008 051117s1969 sp |||| | spa d
245 0 0 _aMes del Corazón de Cristo
_b: 30 celebraciones de la palabra /
_cautores, Hermanos del Sagrado Corazón. Rafael Cano Benjumea ... [et al.].
260 _aBilbao :
_bMensajero,
_c1969.
300 _a183 p. ;
_c19 cm.
650 4 _aSagrado Corazón de Jesús-
_xCulto.
_9140224
700 1 _aCano Benjumea, Rafael.
_934543
852 _aES-MaACL
_jC-35900
999 _c103757
_d103757